| 000 | 03203cam a22006014i 4500 | ||
|---|---|---|---|
| 003 | PE-LiUPU | ||
| 005 | 20250731180145.0 | ||
| 008 | 150706s2010 r 000 0 d | ||
| 020 | _a9786124059193 | ||
| 035 | _a(Sirsi) i9786124059193 | ||
| 040 |
_aPE-LiUPU _bspa _cPE-LiUPU _erda |
||
| 049 | _aPRUA | ||
| 082 | 0 | 4 |
_a516.5 _bW66 _221 |
| 100 | 1 |
_aWieser Rey, Martín, _eautor. |
|
| 245 | 1 | 0 |
_aGeometría solar para arquitectos : _bmovimiento solar y herramientas de diseño, proyecciones solares para las diferentes latitudes del Perú / _cMartín Wieser Rey. |
| 250 | _a1a ed. | ||
| 264 | 1 |
_aLima : _bEditorial Universitaria, _c2010. |
|
| 300 |
_a155 páginas : _bilustraciones ; _c24 cm. |
||
| 300 | _a01 CD-ROM | ||
| 336 |
_atext _2rdacontent |
||
| 337 |
_aunmediated _2rdamedia |
||
| 338 |
_avolume _2rdacarrier |
||
| 504 | _aIncluye bibliografía. | ||
| 505 | 0 | _aEl movimiento solar -- Principios básicos de geometría solar -- El movimiento aparente del sol -- Proyecciones solares -- La proyección esférica (Ortogonal) -- Construcción de la proyección -- Identificación de ángulos de acimut y altura -- Arrojo de sombras de volúmenes -- La proyección gnomónica (Reloj solar) -- Construcción de la proyección -- Arrojo de sombras en modelos a escala -- La proyección polar equidistante -- Construcción de la proyección -- Identificación de ángulos de acimut y altura -- Arrojo de sombras de volúmenes -- Incidencia solar en muros y techos -- Predicción de incidencia solar en un punto -- Diseño de protectores solares e invernaderos -- Los recursos informáticos -- Proyecciones solares para las diferentes ciudades del Perú -- Ábacos de fugas y de incidencia de radiación solar -- Calculadora de ángulos de acimut y altura según latitud. | |
| 526 | _aSEG44 | ||
| 526 | _aSEG26 | ||
| 526 | _aP159 | ||
| 526 | _aP155 | ||
| 526 | _aP154 | ||
| 526 | _aP153 | ||
| 526 | _aP150 | ||
| 526 | _aP100 | ||
| 526 | _aP31 | ||
| 526 | _aP30 | ||
| 526 | _aP26 | ||
| 526 | _aP25 | ||
| 526 | _aP24 | ||
| 526 | _aP22 | ||
| 526 | _aP15 | ||
| 526 | _aP10 | ||
| 541 | _g015-0013465; | ||
| 541 | _g015-0015393; | ||
| 650 | 0 | 4 |
_aGeometría proyectiva _xEstudio y enseñanza. |
| 650 | 0 | 4 |
_aArquitectura y radiación solar _xEstudio y enseñanza. |
| 910 |
_agl _bjck _d20111011 |
||
| 942 |
_2ddc _cBOOK |
||
| 949 |
_a516.5 W66 _wDEWEY _c1 _i63811 _lCCODEBUL1 _mBUL _p8.00 _r0 _sY _tBOOK _u2015-7-6 _xINGENIERIA _PP06 _o.STAFF. Colección General |
||
| 949 |
_a516.5 W66 _wDEWEY _c2 _i67608 _lCCODEBUL1 _mBUL _p10.00 _r0 _sY _tBOOK _u2015-7-6 _xINGENIERIA _PP06 _o.STAFF. Colección General |
||
| 994 |
_aC0 _bPEPRU |
||
| 596 | _a1 | ||
| 999 |
_a516.5 W66 _wDEWEY _c52703 _i63811 _d52703 _e2017-4-7 _f2021-11-5 _g7 _lCCODEBUL1 _mBUL _n8 _p8.00 _r0 _sN _tBOOK _u2015-7-6 _xBIBLIOTECA _PP06 _0COMPRA _o.STAFF. Colección General |
||
| 999 |
_a516.5 W66 _wDEWEY _c2 _i67608 _d2016-5-29 _e2016-5-25 _f2021-11-9 _g7 _lCCODEBUL1 _mBUL _n3 _p10.00 _r0 _sY _tBOOK _u2015-7-6 _xINGENIERIA _PP06 _0COMPRA _o.STAFF. Colección Ingenieria y Arquitectura |
||
| 980 |
_81 _gALBERTO SANCHEZ Responsable de Automatización |
||